| 000 | 01221cam a22003497a 4500 | ||
|---|---|---|---|
| 003 | CHAP | ||
| 005 | 20220329134247.0 | ||
| 008 | 971013s1984 r 00010 d | ||
| 010 | _a17772 | ||
| 011 | _a18744 | ||
| 035 | _a22829 | ||
| 040 | _cCHAP | ||
| 082 |
_a630.96757 _bJ6 |
||
| 100 | 0 | 0 |
_aJones, William I. _962080 |
| 245 | 0 |
_aFarming systems in Africa _b: the great lakes highlands of Zaire, Rwanda and Burundi |
|
| 260 |
_aWashington, D.C., : _bThe World Bank, _c1984 |
||
| 300 |
_a107 p. _b; mapas |
||
| 490 | 0 |
_aWorld Bank Technical paper _v; 27 |
|
| 590 |
_aBATCH-UPD _b10 _c20130109 _lUCH01 _h2317 |
||
| 590 |
_aBATCH-UPD _b10 _c20130110 _lUCH01 _h1143 |
||
| 590 |
_aBATCH-UPD _b10 _c20130410 _lUCH01 _h1527 |
||
| 590 |
_aBATCH-UPD _b10 _c20130914 _lUCH01 _h1248 |
||
| 590 |
_aCONVERSION _b10 _c20130109 _lUCH01 _h1311 |
||
| 650 | 1 | 4 |
_aAgricultura _xAfrica _zAfrica. _9175391 |
| 650 | 1 | 4 |
_aSistemas de cultivo _xAfrica. _9106747 |
| 700 | 0 |
_aEgli, Robert. _935762 |
|
| 710 | 0 |
_aBanco Internacional de Reconstrucción y Fomento. _99848 |
|
| 830 | 0 |
_aWorld Bank Technical paper _v; 27 _9122696 |
|
| 901 | _aBK | ||
| 942 | _cLIBRO | ||
| 949 |
_a630.96757 J6 _bBC _cLIBRO _d33724000048054 _eLIBRO _gI.126526 _h67124 _i22829 _si |
||
| 999 |
_c17772 _d17772 |
||